Interoduction to chemical thermodynamics (Record no. 13157)

000 -LEADER
fixed length control field 00495nam a22001937a 4500
001 - CONTROL NUMBER
control field 13157
003 - CONTROL NUMBER IDENTIFIER
control field BD-DhUET
008 - FIXED-LENGTH DATA ELEMENTS--GENERAL INFORMATION
fixed length control field 150301b xxu||||| |||| 00| 0 eng d
040 ## - CATALOGING SOURCE
Transcribing agency 0
Modifying agency BD-DhUET
082 ## - DEWEY DECIMAL CLASSIFICATION NUMBER
Classification number 660.2969
Item number KLO/1964
100 ## - MAIN ENTRY--PERSONAL NAME
Personal name Klotz, Irving M.
245 ## - TITLE STATEMENT
Title Interoduction to chemical thermodynamics
250 ## - EDITION STATEMENT
Edition statement 1st ed.
260 ## - PUBLICATION, DISTRIBUTION, ETC. (IMPRINT)
Place of publication, distribution, etc. New York
Name of publisher, distributor, etc. W. A. Benjamin
Date of publication, distribution, etc. 1964
300 ## - PHYSICAL DESCRIPTION
Extent IX, 244 p.
650 #0 - SUBJECT ADDED ENTRY--TOPICAL TERM
Topical term or geographic name as entry element Chemical thermodynamics
700 ## - ADDED ENTRY--PERSONAL NAME
Personal name Young, Thomas Fraser
942 ## - ADDED ENTRY ELEMENTS (KOHA)
Koha item type General Book
Holdings
Copy number Koha item type Source of classification or shelving scheme Price effective from Date acquired Lost status Koha normalized classification for sorting Damaged status Koha date last seen Sublocation or collection (holding branch) Not for loan Koha full call number Shelving location Piece designation (barcode) Location (home branch) Withdrawn status
1General Book 2015-03-012015-03-01 660_296900000000000_KLO_1964 2015-03-01Central Library, BUET 660.2969/KLO/1964Circulation section34047Central Library, BUET